| 000 | 00444ntaaa2200181 4500 | ||
|---|---|---|---|
| 003 | 01 | ||
| 005 | 20251027201720.0 | ||
| 008 | 0714s1973 ag 01 | ||
| 040 |
_aAR-BaBN _bspa _cAR-BaBN _eaacr _dRIC |
||
| 082 | _a234.1200 K55 | ||
| 100 |
_aKildahl, John P. _915721 |
||
| 245 | _aThe psychology of speaking in tongues | ||
| 250 | _a1 ed. | ||
| 260 |
_aNew York : _bHarper and Row, _c1972 |
||
| 300 | _a110 p | ||
| 650 | _alenguas | ||
| 942 | _cBK | ||
| 999 |
_c11835 _d11835 |
||